Представление документа в формате RUSMARC

Поле Инд. ПП Название Значение
Тип записи a
Библиографический уровень a
001 Контрольный номер c334a3b748db4befb3c2036b95598b8b
005 Дата корректировки 20190127081242.2
100 a Данные общей обработки 20181224 ||| 0rusy0189 ca
101 0_ a Язык текста rus
102 a Страна публикации RU
200 1_ f Первые сведения об ответственности М.В. Ильяшевич, А.А. Белоусова
a Заглавие Международно-правовая защита национальных меньшинств и лига наций
b Общее обозначение материала Текст
210 1_ d Дата издания 2018
461 _0 1 2000
a Закон и право
463 _0 1 2000
a № 11
v С. 120-122
1 2101
d 2018
1 00102a181e34e2b4cedb734f4fbd18719b4
606 a Основная рубрика Международное право. Право отдельных стран
610 0_ a Ключевые слова ООН
a Ключевые слова ЗАЩИТА ПРАВ И СВОБОД
a Ключевые слова ПРАВА ЧЕЛОВЕКА
a Ключевые слова НАЦИОНАЛЬНЫЕ МЕНЬШИНСТВА
700 _1 a Фамилия Ильяшевич
b Имя М.В.
701 _1 a Фамилия Белоусова
b Имя А.А.
801 _0 a Страна RU
b Организация РГУП
c Дата составления 20181224
g Правила каталогизации PSBO
801 _1 a Страна RU
b Организация РГУП
c Дата составления 20181224
g Правила каталогизации PSBO
901 t Тип документа b
w Контрольный № источника 02a181e34e2b4cedb734f4fbd18719b4
905 a Дата ввода 20181224